Štruktúra diplomových prác v duchu medzinárodných noriem a štandardov
Štruktúra diplomovej práce. Povinné a fakultatívne časti a ich poradie. Vymedzenie základných pojmov abstrakt, erráta, titulný list, anotácia, výťah a resumé. Priblíženie medzinárodnej normy ISO 7144:1986: Documentation-presentation of theses and similar documents.
Saved in:
| Main Author: | |
|---|---|
| Format: | Book Chapter |
| Language: | Slovak |
| Subjects: | |
| Tags: |
No Tags, Be the first to tag this record!
|
MARC
| LEADER | 00000naa a2200000 4500 | ||
|---|---|---|---|
| 001 | r044608 | ||
| 005 | 20230918081752.3 | ||
| 041 | 0 | |a slo | |
| 044 | |a SK | ||
| 245 | 1 | 0 | |a Štruktúra diplomových prác v duchu medzinárodných noriem a štandardov |c Vladimír Gonda |
| 520 | |a Štruktúra diplomovej práce. Povinné a fakultatívne časti a ich poradie. Vymedzenie základných pojmov abstrakt, erráta, titulný list, anotácia, výťah a resumé. Priblíženie medzinárodnej normy ISO 7144:1986: Documentation-presentation of theses and similar documents. | ||
| 610 | 2 | 0 | |a práce diplomové |
| 610 | 2 | 0 | |a normy ISO |
| 610 | 2 | 0 | |a normy medzinárodné |
| 610 | 2 | 0 | |a študenti |
| 610 | 2 | 0 | |a školy vysoké |
| 100 | 1 | |a Gonda, Vladimír | |